[Event "Valdepenas U2200 and U20 op 1st"]
[Site "Valdepenas"]
[Date "2017.04.08"]
[Round "4"]
[White "Sanchez Moya, Alonso"]
[Black "Sanchez Moya, Gonzalo"]
[Result "0-1"]
[WhiteElo "1213"]
[BlackElo "1336"]
[PlyCount "98"]
[EventDate "2017.04.07"]
[EventType "swiss"]
[EventRounds "7"]
[EventCountry "ESP"]
[SourceTitle "EXT 2024"]
[Source "ChessBase"]
[SourceDate "2023.10.10"]
[SourceVersion "1"]
[SourceVersionDate "2023.10.10"]
[SourceQuality "1"]

1. e4 e6 2. d4 d5 3. e5 c5 4. c3 Qb6 5. Nf3 Nc6 6. Be2 cxd4 7. cxd4 Nge7 8. Na3 Nf5 9. Nb5 a6 10. g4 axb5 11. gxf5 Bb4+ 12. Kf1 exf5 13. Rg1 Bf8 14. Be3 g6 15. Qb3 b4 16. Kg2 Be6 17. Rgd1 h6 18. h4 Be7 19. a4 Qd8 20. Rh1 Kd7 21. Bb5 g5 22. Ne1 gxh4 23. f4 Qg8+ 24. Kf2 Qg3+ 25. Kf1 Kd8 26. Bxc6 bxc6 27. Rc1 Ra6 28. Rc2 h3 29. Rf2 Bf8 30. Nf3 Qg8 31. Bd2 c5 32. Be3 c4 33. Qc2 b3 34. Qb1 Rxa4 35. Rxh3 Bg7 36. Rg2 Rh7 37. Nh4 Qe8 38. Bd2 Qb5 39. Bc3 Qa6 40. Nxf5 Ra1 41. Qxa1 Qxa1+ 42. Kf2 Bxf5 43. Rhg3 Qc1 44. Kf3 Be4+ 45. Kg4 Bxg2 46. Rxg2 Qd1+ 47. Kh4 Qh1+ 48. Kg4 Qxg2+ 49. Kf5 Qg6# 0-1